Mathematical and statistical approaches to AIDS epidemiology

Sparad:
Bibliografiska uppgifter
Huvudupphovsman: Castillo-Chávez, Carlos (Författare, medförfattare)
Materialtyp: Bok
Språk:engelska
Publicerad: Berlín Springer-Verlag 1989
Serie:Lecture notes in biomathematics, 83
Ämnen:
Taggar: Lägg till en tagg
Inga taggar, Lägg till första taggen!

MARC

LEADER 00000nam a2200000 a 4500
001 UCW1350
003 CL-VaPUC
008 920403e19890000GW |||||||||||||||||eng|d
082 0 4 |a 571.9  |b CAS  |2 21 
100 |a Castillo-Chávez, Carlos  |e author  |9 566272 
245 1 0 |a Mathematical and statistical approaches to AIDS epidemiology 
300 |a 405 p 
942 |c BK 
945 |d 19920403 00:00:00 
260 |a Berlín  |b Springer-Verlag  |c 1989 
650 7 |a BIOMATEMATICAS  |2 CL-VaPUC  |9 260148 
650 0 |a SIDA (Síndrome de Inmunodeficiencia Adquirida)  |9 256118 
650 7 |a EPIDEMILOGIA Y BIOESTADISTICA  |2 CL-VaPUC  |9 270809 
583 |a last modification  |c 19920403 00:00:00  |k Rodrigo Vera 
490 0 |a Lecture notes in biomathematics, 83 
999 |c 216258  |d 216256